Before or After: D-Day Quiz Stats

 Plays Quiz Updated Jun 6, 2019

Score 0/24 Timer 06:00
0 Plays Today
Historical event (B)efore or (A)fter % Correct
The U.S. drops the atomic bomb nicknamed 'Little Boy' over Hiroshima, Japan???
87%
The Hindenburg disaster occurs???
85.8%
'I Love Lucy' premieres on CBS???
81.5%
Amelia Earhart disappears over the Pacific Ocean???
80.9%
Trygve Lie of Norway is selected as the first U.N. Secretary-General???
79.4%
Edward VIII abdicates the English throne to marry American socialite Wallis Simpson???
77.2%
Franklin D. Roosevelt dies???
75.6%
John Steinbeck's novel 'The Grapes of Wrath' is published???
74.8%
Meryl Streep is born???
73%
The U.S. Central Intelligence Agency (CIA) is formed???
72.1%
NASCAR is incorporated???
71.5%
'Casablanca' wins Best Picture at the Academy Awards???
69.5%
Historical event (B)efore or (A)fter % Correct
Lou Gehrig takes himself out of the New York Yankees lineup, ending his consecutive games played streak at 2,130???
66.5%
The policy of apartheid begins in South Africa???
62.8%
The Jefferson Memorial is officially dedicated???
62.2%
Singer Bing Crosby first records 'White Christmas' for distribution???
60.6%
Mr. Potato Head is invented???
57.4%
Playwright Tennessee Williams receives the Pulitzer Prize for his play 'A Streetcar Named Desire'???
56.8%
Hattie McDaniel becomes the first African-American woman to win an Academy Award???
56.8%
Tokyo Telecommunications Engineering, later renamed Sony, is founded???
52.8%
American bandleader Glenn Miller goes missing and is presumed dead???
48.4%
LaGuardia Airport in New York City opens for business???
47%
Chuck Norris is born???
41.2%
Packard becomes the first automobile company to offer air conditioning in its cars???
39.4%

You're not logged in!

Compare scores with friends on all Sporcle quizzes.
OR
Log In

Sporcle TV

Today on Sporcle TV


Watch our educational content, quiz creation guides, and fun videos on Sporcle TV.

Show Comments

Extras

Top Quizzes Today


Score Distribution

Your Account Isn't Verified!

In order to create a playlist on Sporcle, you need to verify the email address you used during registration. Go to your Sporcle Settings to finish the process.

Report this User

Report this user for behavior that violates our Community Guidelines.

Details: